| 000 | 00810nam a22002652i 4500 | ||
|---|---|---|---|
| 001 | 77460 | ||
| 003 | BD-RjUL | ||
| 005 | 20211209082955.0 | ||
| 008 | 200922s1958 enka 001 0 eng d | ||
| 035 | _aOCLC ocm02567593 from D951009M | ||
| 035 | _a(BD-RjUL)77685 | ||
| 040 |
_aDLC _cYOM _dUKM _dEQO _dBD-RjUL _beng |
||
| 041 | _aeng | ||
| 082 |
_a822.33 _bHAS 1958 |
||
| 100 | 1 |
_aHalliday, F. E. _q(Frank Ernest), _d1903-1982. _9241501 |
|
| 245 | 1 | 0 |
_aShakespeare and his critics / _cF. E. Halliday. |
| 250 | _aRev. ed | ||
| 260 |
_aLondon : _bDuckworth, _c1958 |
||
| 300 |
_axiv, 336 p. : _bill. ; _c23 cm. |
||
| 504 | _aIncludes bibliography | ||
| 600 | 1 | 0 |
_aShakespeare, William, _d1564-1616 _xCriticism and interpretation. _9241503 |
| 942 |
_2ddc _cBK |
||
| 999 |
_c77460 _d77460 |
||